Global Gap Analysis : (Registro nro. 19002)

Detalles MARC
000 -CABECERA
Campo de control 00885nam a2200241 a 4500
005 - FECHA Y HORA DE LA ULTIMA TRANSACCION
Campo de control 20180803170329.0
008 - ELEMENTOS DE LONGITUD FIJA—INFORMACION GENERAL
Campo de control 160907t2003 wauad|||r|||| 00| 0 eng d
040 ## - FUENTE DE CATALOGACIÓN
Agencia catalogadora original CO-BoIAVH
Agencia transcriptora CO-BoIAVH
041 0# - IDIOMA
Código de idioma para texto/pista de sonido o título separado Inglés
044 ## - PAÍS DE PUBLICACIÓN
País de publicación Estados Unidos
082 04 - NUMERO DE CLASIFICACION DECIMAL DEWEY
Número de clasificación 333.7068
Número del ítem G56g
245 00 - MENCION DE TITULO
Título Global Gap Analysis :
Parte restante del título towards a representative network of protected areas
260 ## - PUBLICACION, DISTRIBUCION, ETC. (PIE DE IMPRENTA)
Lugar de publicación, distribución, etc. Washington D.C.:
Nombre del editor, distribuidor, etc. Conservation International,
Fecha de publicación, distribución, etc. c2003.
300 ## - DESCRIPCION FISICA
Extensión 98 páginas :
Otros detalles físicos ilustraciones a color, mapas y gráficas a color ;
Dimensiones 30 x 21 cm.
490 0# - MENCION DE SERIE
Mención de serie Advances in applied biodiversity science ;
Designación numérica/secuencial del volumen 2
504 ## - NOTA DE BIBLIOGRAFIA, ETC.
Nota de bibliografía Incluye referencias bibliográficas.
650 26 - ASIENTO SECUNDARIO DE MATERIA - TERMINO TEMATICO
Término temático o nombre geográfico como elemento de entrada Zonas protegidas
9 (RLIN) 75990
650 24 - ASIENTO SECUNDARIO DE MATERIA - TERMINO TEMATICO
Término temático o nombre geográfico como elemento de entrada Áreas protegidas
Subdivisión general conservación
9 (RLIN) 75991
650 26 - ASIENTO SECUNDARIO DE MATERIA - TERMINO TEMATICO
Término temático o nombre geográfico como elemento de entrada Zonas protegidas
Subdivisión general especies
9 (RLIN) 75992
650 26 - ASIENTO SECUNDARIO DE MATERIA - TERMINO TEMATICO
Término temático o nombre geográfico como elemento de entrada Biodiversidad
9 (RLIN) 92204
710 2# - ASIENTO SECUNDARIO - NOMBRE CORPORATIVO
Nombre corporativo o de jurisdicción como elemento de entrada Conservation International
9 (RLIN) 12638
942 ## - ELEMENTOS ADICIONALES (KOHA)
Sistema de clasificación Dewey Decimal Classification
Tipo de ítem Libro
Existencias
Withdrawn status Lost status Sistema de Clasificación Damaged status No para préstamo Colección Inventariado Ubicación Permanente Ubicación actual Fecha de adquisición Fuente de Valor Valor Total Checkouts Número topográfico Inventario / Código de Barras Date last seen Ejemplar Price effective from Forma de adquisición Tipo de material
    Dewey Decimal Classification     General Inventariado 2017 Bogotá Bogotá 07/09/2016 Instituto 39000.00   LB-333.7068 G56g 040659 07/09/2016 Ej. 1 07/09/2016 Donación Libro